| 000 | 00543nam a2200145 a 4500 | ||
|---|---|---|---|
| 005 | 20140513081054.0 | ||
| 008 | 031022s19uu xx 00 eng d | ||
| 050 |
_aKIT 522 _bDUO 2000 |
||
| 245 | _aDuoVision: 2-in-1 telescope and microscope. | ||
| 260 |
_aCA, U. S. A : _bEducational Insights, _c2000. |
||
| 500 | _aAccessories includes: 3 microscope objective lens unit (250x, 150x, 50x)--1 prepared specimen slides--10 specimen covers--1 pair of plastic tweezers. | ||
| 650 | _aTelescope--KIT | ||
| 650 | _aMicroscope--KIT | ||
| 999 |
_c116432 _d116432 |
||